000 00252nam a2200097Ia 4500
008 240331s9999 xx 000 0 und d
082 _a300
_bNIE
100 _aNieuwenhuijze, Van
245 0 _aOn Social Devalopment :
_bthe Social Welfare Approach
942 _cL
999 _c977
_d977